Представление документа в формате RUSMARC

ПолеНазваниеЗначение
  Тип записи a
  Библиографический уровень m
001 Контрольный номер UONB/MAIN/e8256860003a40578b256446baeabfde
005 Дата корректировки 20260514092122.7
010 Индекс ISBN __
d Цена 11 к.
9 Тираж 43210 экз.
100 Данные общей обработки __
a Данные общей обработки 20260514d1982 u y0rusy0189 ca
101 Язык документа 0_
a Язык текста rus
102 Страна публикации __
a Страна публикации RU
105 Кодированные данные (монография) __
a Кодированные данные (монография) a z 001yy
200 Заглавие и сведения об ответственности 1_
a Заглавие Эксплуатация и надежность техники
e Сведения, относящиеся к заглавию сборник
f Первые сведения об ответственности редактор Г. И. Флиорент
203 Вид содержания и тип средства __
a Вид содержания Текст
b Характеристика содержания визуальный
c Тип средства непосредственный
210 Выходные данные 1_
a Место издания Москва
c Издательство Знание
d Дата издания 1982
215 Физическое описание __
a Объем 63 с.
c Иллюстрации/тип воспроизводства ил.
d Формат 20 см
225 Серия 1_
a Серия Новое в жизни, науке, технике
225 Серия 1_
a Серия Техника
v Обозначение тома № 3
320 Библиография __
a Библиография Библиогр.: с. 51
606 Тематические рубрики 0_
a Основная рубрика Машины
x Основная подрубрика Надежность
j Формальный подзаголовок Сборники
610 Ключевые слова 0_
a Ключевые слова машины; надежность машин; эксплуатация машин
675 Индекс УДК __
a Индекс УДК 6-08
686 Индексы других классификаций __
2 Код системы rubbk
a Классификационный индекс 30.14
702 Вторичная интеллектуальная ответственность _1
a Фамилия Флиорент
b Имя (инициалы) Г. И.
g Полное личное имя Григорий Исакович
4 Код отношения 340
801 Источник записи _0
a Страна RU
b Организация Ульяновская ОНБ
c Дата составления 20260514
g Правила каталогизации RCR
801 Источник записи _1
a Страна RU
b Организация Ульяновская ОНБ
c Дата составления 20260514
g Правила каталогизации RCR
901 Тип документа __
t Тип документа m
909 Создатель записи __
a Создатель записи Батталова
b Дата создания записи 20260514